Manual práctico de contratación mercantil / (Record no. 39557)

MARC details
000 -LEADER
campo de control de longitud fija 00929nam a2200253 i 4500
001 - NÚMERO DE CONTROL
campo de control 39557
003 - IDENTIFICADOR DE NÚMERO DE CONTROL
campo de control ES-MaACL
007 - CAMPO FIJO DE DESCRIPCIÓN FÍSICA--INFORMACIÓN GENERAL
campo de control de longitud fija t|
008 - DATOS DE LONGITUD FIJA--INFORMACIÓN GENERAL
campo de control de longitud fija 030303s1985 sp ||||1| spa d
020 ## - NÚMERO INTERNACIONAL ESTÁNDAR DEL LIBRO
Número Internacional Estándar del Libro 84-309-1147-2
100 1# - ENTRADA PRINCIPAL--NOMBRE DE PERSONA
Nombre de persona Cano Rico, José Ramón.
9 (RLIN) 34566
245 10 - MENCIÓN DEL TÍTULO
Título Manual práctico de contratación mercantil /
Mención de responsabilidad, etc. José Ramón Cano Rico ; con la colaboración de Antonio Jorge Serra Mallol.
260 ## - PUBLICACIÓN, DISTRIBUCIÓN, ETC.
Lugar de publicación, distribución, etc. Madrid :
Nombre del editor, distribuidor, etc. Tecnos,
Fecha de publicación, distribución, etc. 1985.
300 ## - DESCRIPCIÓN FÍSICA
Extensión 2 v. ;
Dimensiones 24 cm.
490 1# - MENCIÓN DE SERIE
Mención de serie Práctica jurídica
504 ## - NOTA DE BIBLIOGRAFÍA, ETC.
Nota de bibliografía, etc. Bibliografía. Indices.
505 8# - NOTA DE CONTENIDO CON FORMATO
Nota de contenido con formato T. I: Contratos mercantiles en general. -- T. II: Contratos bancarios y sobre títulos-valores
700 1# - ENTRADA AGREGADA--NOMBRE PERSONAL
Nombre de persona Serra Mallol, Antonio Jorge.
9 (RLIN) 105641
740 0# - ENTRADA AGREGADA--TÍTULO RELACIONADO/ANALÍTICO NO CONTROLADO
Título relacionado o analítico no controlado Contratos mercantiles en general.
740 0# - ENTRADA AGREGADA--TÍTULO RELACIONADO/ANALÍTICO NO CONTROLADO
Título relacionado o analítico no controlado Contratos bancarios y sobre títulos-valores.
830 0# - PUNTO DE ACCESO ADICIONAL DE SERIE-TÍTULO UNIFORME
Título uniforme Práctica jurídica
9 (RLIN) 181804
852 ## - LOCALIZACIÓN
Ubicación ES-MaACL
Número de control de estantería L-8134-5
Sublocalización o colección R.108761
Holdings
Estatus retirado Estado de pérdida Estado de daño No para préstamo Biblioteca de origen Biblioteca actual Ubicación en estantería Fecha de adquisición Fuente de adquisición Total de préstamos Signatura topográfica completa Código de barras Visto por última vez Precio de reemplazo Tipo de ítem Koha
        Biblioteca del Ateneo de Madrid Biblioteca del Ateneo de Madrid Depósito 2 17/01/2008     L-8134-5 1041657 23/02/2023 23/02/2023 Libro impreso